1214 1364 1430 1411 1962 1493 1326 1970 1423 1436 1696 1095 1190 1632 1147 1534 1134 1884 1307 1718 1138 1416 1611 1950 1283 1222 1549 1148 1532 1325 1818 1040 1757 1517 1220 1331 1445 1824 1132 1089 1159 1395 1629 1447 1323 1840 1631 1093 1805 1451 1844 1384 1529 1344 1981 1076 1744 1849 1014 1533 1068 1478 1252 1086 1181 1082 1319 1314 1673 1508 1090 1794 1056 1206 1939 1407 1111 1705 1457 1420 1328 1663 1968 1495 1635 1295 1588 1559 1732 1714 1504 1676 1006 1979 1172 1101 1901 1147 1741 BCNSPRNW ULIB Ver.6.0+V

เปลี่ยนเป็นภาษาไทย

Change to English
 แสดงรายละเอียดบรรณานุกรม
  กลับหน้าหลัก

Brief Record : Get Marc (ISO 2709) : E-mail record : QR code < ปิดหน้าต่าง
LEADER : 00000nam 2200000uu 4500
001    13399112640
003     ULIB
008    110829s2551||||th 000 0 tha d
050  4 HV5600.55^bจ626ก 2551
100 0  จุฑาภรณ์ แก้วมุงคุณ
245 10 การทบทวนองค์ความรู้และการวิเคราะห์ทิศทางการวิจัยการควบคุมเครื่องดื่มแอลกอฮอล์ ในประเทศไทย พ.ศ. 2493-2550 /^cจุฑาภรณ์ แก้วมุงคุณ
250    พิมพ์ครั้งที่ 1
260    กรุงเทพฯ :^bศูนย์วิจัยปัญหาสุรา,^c2551
300    815 หน้า
650  4 เครื่องดื่มแอลกอฮอล์^xบทคัดย่อ
650  4 เครื่องดื่มแอลกอฮอล์^xวิจัย
945    ^p0^l0^i025785
995    ทศพร
999 ^a ทศพร
รายการนี้ยังไม่มีแท็ก
คุณยังไม่ได้ล็อกอิน คุณสามารถมีกิจกรรมร่วมกับเว็บไซต์ได้ แต่ต้องล็อกอินก่อน ::
  ล็อกอิน

รายการสื่อสารสนเทศ

ลำดับที่ ประเภท เลขเรียก/บาร์โค้ด สถานที่ สถานะ
- ไม่พบข้อมูล -

BibComment


ยังไม่เคยถูกคอมเมนท์

คอมเมนท์ทรัพยากรรายการนี้
  คอมเมนท์: การทบทวนองค์ความร..


 Copyright 2026. Bcnsprnw @Library